| 000 | 00329nam a2200109Ia 4500 | ||
|---|---|---|---|
| 008 | 240521s1999 xx 000 0 und d | ||
| 041 | _aeng | ||
| 100 | _aRAMSEYSLEEPER | ||
| 245 | _aARCHITECTURAL GRAPHIC STANDARDS,STUDENTS EDITION, ABRIDGED FROM THE SEVENTH EDITION. | ||
| 260 |
_bSTEPHEN A. KLIMENT FALA _c1999 |
||
| 300 | _a499 | ||
| 999 |
_c1157814 _d1157814 |
||